Karol Spišák (17.8.1941-13.3.2007)

Bibliographic Details
Format: Article
Language:Slovak
ISSN:1335-8286
Subjects:

MARC

LEADER 00000nab a2200000 ar4500
001 vtls008962742
003 SK-MaSNL
005 20260303070731.0
008 070411c2007 xo mr|p|||||||000 b|slo
015 |a SNBRB2007/04  |2 snkbucl 
038 |a SNKBUCL 
040 |a SNKBUCL  |b slo  |c SNKBUCL  |e AACR2 
041 0 |a slo 
044 |a xo  |c SK 
080 |a 792.071.2:792.027.2  |2 2001 
080 |a 791.633-051  |2 2001 
245 0 0 |a Karol Spišák (17.8.1941-13.3.2007)  |c [autor] (švr) 
600 1 7 |a Spišák, Karol,  |d 1941-2007  |2 snkbucl  |9 110913 
655 7 |a nekrológy  |2 snkbucl  |9 402542 
773 0 |t Film.sk  |g Roč. 8, č. 4 (2007), s. 49  |x 1335-8286 
852 |a SNK  |b KIS3GCP 
958 |a BX 
999 |c 1756701  |d 1758631